OS-medaljörer i ishockey - Statistics

General Stats
  • This quiz has been taken 109 times
    84 since last reset
  • The average score is 10 of 12
Answer Stats
Guld Silver Brons Land % Correct
2 4 5 11 Sverige
100%
4 12 2 18 Förenta staterna
98%
14 6 3 23 Kanada
98%
1 2 8 11 Finland
97%
1 2 1 4 Ryssland
94%
1 0 1 2 Tjeckien
91%
0 1 2 3 Tyskland / Västtyskland
91%
0 0 1 1 Slovakien
83%
0 0 3 3 Schweiz
76%
8 1 1 10 Sovjetunionen / Oberoende staters samvälde
71%
1 0 1 2 Storbritannien
70%
0 4 4 8 Tjeckoslovakien
47%
No matching quizzes found
Score Distribution
Percent of People with Each Score
Percentile by Number Answered
Your Score History
You have not taken this quiz since the last reset